Continents of the world - Statistics

General Stats
  • This quiz has been taken 19 times
  • The average score is 6 of 7
Answer Stats
Hint Answer % Correct
Asia
100%
North-america
100%
South-america
100%
No hint! Africa
92%
Europe
92%
Oceania
69%
Antartica
46%
No matching quizzes found
Score Distribution
Percent of People with Each Score
Percentile by Number Answered
Your Score History
You have not taken this quiz